[Event "Yingmei Cup CHN-chT 2017"]
[Site "?"]
[Date "2017.11.03"]
[Round "17"]
[White "Malakhov, Vladimir"]
[Black "Wang, Hao"]
[Result "1/2-1/2"]
[WhiteElo "2691"]
[BlackElo "2706"]
[Annotator "TA"]
[PlyCount "48"]
[EventDate "2017.??.??"]
[SourceTitle "Tianjin"]

1. Nf3 d5 2. e3 Nf6 3. c4 e6 4. d4 b6 5. b3 Bb7 6. Bd3 Bd6 7. O-O O-O 8. Bb2
Nbd7 9. Nc3 Re8 {E14: Queen's Indian: Classical Variation (4 e3)} (9... a6 10.
a4 c5 11. cxd5 exd5 12. Qe2 Re8 13. Rfd1 Qe7 14. Rac1 Ne4 15. Bb1 Rad8 16. h3
Ndf6 17. a5 bxa5 {1-0 (43) Anton Guijarro,D (2650)-Zhigalko,S (2671) Tallinn
2016}) 10. cxd5 exd5 11. Rc1 a6 12. Ne2 Ne4 13. Ng3 g6 14. Qc2 {LiveBook: 13
Games} Qe7 15. Ne5 Nxg3 16. hxg3 ({Much worse is} 16. fxg3 Nxe5 17. dxe5 Bxe5
$17) 16... Nf6 17. Qe2 $146 ({Predecessor:} 17. f4 Ne4 18. Bxe4 dxe4 19. d5 f6
20. Nc6 Qf7 {1-0 (55) Javakhishvili,L (2319)-Lagno,K (2328) Antalya 2002})
17... Ne4 18. Rc2 Qe6 {[#]} (18... f6 $11 {remains equal.} 19. Bxe4 fxe5 20.
dxe5 Bxe5) 19. Rfc1 ({White should try} 19. Bxe4 $1 $16 {Bf3 is the strong
threat.} dxe4 {[#]} 20. d5 $1 Bxd5 21. Ng4) 19... f6 $11 {The position is
equal.} 20. Bxe4 dxe4 21. Nc4 Be7 22. Nd2 Bd6 23. Nc4 Be7 24. Nd2 Bd6 {
Precision: White = 75%, Black = 55%.} 1/2-1/2

[Event "Yingmei Cup CHN-chT 2017"]
[Site "?"]
[Date "2017.11.03"]
[Round "17"]
[White "Wang, Yue"]
[Black "Liu, Qingnan"]
[Result "1/2-1/2"]
[WhiteElo "2689"]
[BlackElo "2512"]
[Annotator "TA"]
[PlyCount "62"]
[EventDate "2017.??.??"]
[SourceTitle "Tianjin"]

1. d4 d5 2. c4 e6 3. Nc3 Nf6 4. Bg5 Be7 5. e3 O-O 6. Nf3 Nbd7 7. cxd5 Nxd5 8.
Bxe7 Qxe7 9. Bd3 Nxc3 10. bxc3 c5 11. O-O {D60: Queen's Gambit Declined:
Classical: Unusual White 7th moves} b6 12. Qb1 $146 ({Predecessor:} 12. a4)
12... h6 13. a4 Bb7 14. Bh7+ Kh8 {[#] Hoping for ...Bxf3.} 15. Be4 Rab8 16.
Bxb7 Rxb7 17. Qd3 Rc7 18. a5 cxd4 19. cxd4 Rfc8 20. axb6 axb6 21. Qb5 Qd6 22.
Rab1 Qc6 23. Ne5 Qxb5 24. Rxb5 Nxe5 25. Rxe5 $11 {Endgame KRR-KRR} Rc2 26. Rb5
R8c6 27. h4 Rd2 28. h5 Kh7 29. g4 {The position is equal.} g6 30. hxg6+ Kxg6
31. Kg2 Rc3 {Precision: White = 71%, Black = 64%.} 1/2-1/2

[Event "Yingmei Cup CHN-chT 2017"]
[Site "?"]
[Date "2017.11.03"]
[Round "17"]
[White "Moiseenko, Alexander"]
[Black "Ma, Qun"]
[Result "1/2-1/2"]
[WhiteElo "2674"]
[BlackElo "2636"]
[Annotator "TA"]
[PlyCount "74"]
[EventDate "2017.??.??"]
[SourceTitle "Tianjin"]

1. d4 d5 2. c4 c6 3. Nc3 Nf6 4. e3 e6 5. Nf3 Nbd7 6. Bd3 dxc4 7. Bxc4 b5 8. Bd3
b4 9. Ne4 Nxe4 10. Bxe4 Bb7 11. a3 bxa3 12. O-O Bd6 13. b4 {[#] LiveBook: 9
Partien. D47: Damengambit (Meraner Variante)} Bxb4 $146 ({Vorgänger:} 13...
Nf6 14. Bd3 a5 15. bxa5 Qxa5 16. Ne5 O-O 17. Nc4 Qc3 18. Bxa3 Bxa3 19. Rb1 Ba6
20. Rb3 Qxc4 21. Rxa3 Qd5 22. Rxa6 Rxa6 23. Bxa6 c5 24. dxc5 {1/2-1/2 (24)
Tomashevsky,E (2646)-Jakovenko,D (2710) Moscow 2007}) 14. Qa4 a5 15. Bxa3 Bxa3
16. Qxa3 {Tfb1 ist eine echte Drohung.} f5 $1 17. Bd3 {[#] zielt auf Db3 ab.}
c5 $1 18. dxc5 Bxf3 19. gxf3 Kf7 20. Rfd1 Qe7 {[#]} 21. c6 (21. Bxf5 $1 $16 {
Schwarz muss nun Td6 beachten.} exf5 22. Qb3+ Kg6 23. Qb7) 21... Qxa3 22. Rxa3
Ne5 23. Bb5 Rhc8 24. Rc3 {Droht stark c7.} Rc7 25. f4 Ng6 26. Ba4 Ne7 27. Rc5
g6 28. Kg2 Nd5 {Die Stellung ist ausgeglichen.} 29. Kg3 Nb6 30. Bb3 a4 31. Ba2
a3 (31... Ke7 {feels hotter.} 32. Rd3 Ra6 33. f3 Nd5 34. Ra3 Kd6) 32. f3 Nd5
33. Bxd5 exd5 34. Ra1 Ke6 35. Rc3 Ra6 36. Raxa3 Rxa3 37. Rxa3 Rxc6 {Precision:
Weiß = 58%, Schwarz = 61%.} 1/2-1/2

[Event "Yingmei Cup CHN-chT 2017"]
[Site "?"]
[Date "2017.11.03"]
[Round "17"]
[White "Zhao, Jun"]
[Black "Vidit, Santosh Gujrathi"]
[Result "1-0"]
[WhiteElo "2601"]
[BlackElo "2713"]
[Annotator "TA"]
[PlyCount "68"]
[EventDate "2017.??.??"]
[SourceTitle "Tianjin"]

1. e4 e5 2. Nf3 Nc6 3. Bb5 a6 4. Ba4 Nf6 5. d3 b5 6. Bb3 Bc5 7. O-O d6 8. a4
Rb8 9. axb5 axb5 10. c3 O-O 11. Bg5 {C78: Ruy Lopez: Archangelsk and Möller
Defences} (11. h3 h6 12. Re1 Re8 13. Nbd2 Bb6 14. Nf1 Ne7 15. Nh4 Be6 16. Be3
Qd7 17. Bxe6 Qxe6 18. Bxb6 Rxb6 {1/2-1/2 (31) Zhao,J (2634)-Xu,J (2527)
Xinghua 2016}) 11... h6 12. Bh4 g5 13. Bg3 Bg4 14. Nbd2 Nh5 {LiveBook: 3 Games}
15. Kh1 Nf4 $146 ({Predecessor:} 15... Qd7) 16. h3 Be6 17. Bxf4 gxf4 18. Bd5
Bxd5 19. exd5 Ne7 20. b4 $36 {White has some pressure.} Bb6 21. c4 f5 22. Nb3
c6 23. dxc6 Nxc6 24. cxb5 Nxb4 {[#]} (24... Ne7 $16) 25. Nbd4 $1 exd4 (25...
Bxd4 26. Qb3+) 26. Qb3+ Kh8 {Hoping for ...Bc5.} 27. Qxb4 Qf6 28. Qd2 Rfc8 29.
Qxf4 Rc3 30. Rfd1 Kh7 31. Ra2 Qe6 $2 {[#]} (31... Rc7 32. Re1 Bc5) 32. Re1 $3
$18 Qxa2 33. Re7+ Kg6 34. Qxd6+ Kh5 {Precision: White = 93%, Black = 13%.} 1-0

[Event "Yingmei Cup CHN-chT 2017"]
[Site "?"]
[Date "2017.11.03"]
[Round "17"]
[White "Wen, Yang"]
[Black "Zhou, Jianchao"]
[Result "1-0"]
[WhiteElo "2600"]
[BlackElo "2592"]
[Annotator "TA"]
[PlyCount "85"]
[EventDate "2017.??.??"]
[SourceTitle "Tianjin"]

1. Nf3 c5 2. c4 Nf6 3. Nc3 d5 4. cxd5 Nxd5 5. e3 Nc6 6. Bb5 Nxc3 {A34:
Symmetrical English: 2 Nc3, lines with ...d5} 7. dxc3 $146 ({Predecessor:} 7.
bxc3 Bd7 8. O-O e6 9. d4 Be7 10. e4 O-O 11. Re1 cxd4 12. cxd4 Rc8 13. Ba4 Nb4
14. Bb3 Bb5 15. Re3 Qb6 16. a4 Bc4 17. a5 {1-0 (39) Adams,M (2738)-Xiong,J 
(2633) Douglas 2017}) 7... Qxd1+ 8. Kxd1 Bd7 {The position is equal.} 9. a4
O-O-O 10. Nd2 e6 11. Kc2 Be7 12. e4 g5 13. Nc4 a6 14. Bxc6 Bxc6 15. f3 f6 16.
Be3 g4 17. Na5 Be8 18. Nb3 gxf3 19. Bxc5 $2 (19. gxf3 $11 {and White stays
safe.} Rg8 20. Rhg1 Rxg1 21. Bxg1) 19... fxg2 20. Rhg1 Bxc5 21. Nxc5 {[#]} Bc6
$1 22. Rae1 b6 23. Nxe6 Rde8 24. Nf4 {[#]} Rxe4 ({Not} 24... Bxe4+ 25. Kc1 $15)
(24... Rhg8 $1 $19 {...Rg4 is the strong threat.} 25. c4 Bxe4+ 26. Kc3 Bf3 27.
Rxe8+ Rxe8 28. Nxg2 Rg8) 25. Rxe4 $17 Bxe4+ $19 {Endgame KRB-KRN} 26. Kd2 Rg8
27. Ke3 Bc6 28. Kf2 Rg4 29. Nxg2 Rxa4 {Threatens to win with ...Ra2.} 30. Ne1
Ra2 31. Nd3 Bb5 32. Ke3 Bxd3 $1 33. Kxd3 Rxb2 $17 {KR-KR} 34. Rg8+ Kd7 35. Rg7+
Ke6 36. Rxh7 a5 37. c4 (37. h4 $142) 37... Kf5 (37... f5 $142 38. h4 Rb3+ 39.
Kc2 Rb4) 38. h4 (38. Rb7 $142) 38... Rb3+ 39. Kd4 a4 40. Rh5+ $2 (40. h5 $17 {
is tougher.}) 40... Kg4 $19 {Black is clearly winning.} 41. Rh8 a3 42. h5 Kg5
43. h6 {Precision: White = 40%, Black = 70%. . Loss on Time!?} 1-0

[Event "Yingmei Cup CHN-chT 2017"]
[Site "?"]
[Date "2017.11.03"]
[Round "17"]
[White "Ju, Wenjun"]
[Black "Zhang, Lanlin"]
[Result "1-0"]
[WhiteElo "2579"]
[BlackElo "2175"]
[Annotator "TA"]
[PlyCount "81"]
[EventDate "2017.??.??"]
[SourceTitle "Tianjin"]

1. Nf3 d5 2. g3 Nf6 3. Bg2 e6 4. O-O Be7 5. c4 O-O 6. d4 dxc4 7. Qc2 c5 8. dxc5
Bxc5 9. Qxc4 {E05: Open Catalan: 5 Nf3 Be7} Qb6 (9... Be7 10. Ne5 Nbd7 11. Bf4
Nb6 12. Qb3 Nbd5 13. Nc3 Qb6 14. Qxb6 Nxb6 15. Rfd1 Nfd5 16. Rac1 Nxf4 17. gxf4
{1-0 (75) Li,C (2721)-Collins,S (2485) Deizisau 2015}) 10. Nc3 Bd7 11. Na4 $146
{White is slightly better.} ({Predecessor:} 11. Bg5 Be7 12. Be3 Qb4 13. Qxb4
Bxb4 14. Ne5 Bc6 15. Nxc6 Nxc6 16. Na4 Rac8 {1-0 (38) Natalicchio Escalante,N 
(2280)-Garcia Gonzalez,E (2139) Gran Canaria 2009}) 11... Bxa4 12. Qxa4 Nc6 13.
Bd2 a5 14. Rac1 Be7 15. Qc2 Qa6 16. Rfe1 Bb4 17. a3 Bxd2 18. Nxd2 Rac8 19. e3
h6 20. Qb3 Rfd8 21. Bf1 Qa7 22. Nc4 Ng4 (22... a4 $11 23. Qb6 Qb8) 23. Nb6 $36
{White has the initiative.} Rb8 24. Red1 Nge5 25. Be2 Rxd1+ 26. Rxd1 Rd8 27.
Rxd8+ Nxd8 28. Qb5 Nec6 29. Nc4 Qa8 30. Bf3 Qc8 (30... Qa7 $16 {was worth a
try.} 31. Kg2 Qa6) 31. Nxa5 $18 Nxa5 32. Qxa5 Nc6 33. Qc5 Qd7 34. a4 g5 35. a5
{[#] Black must now prevent Bxc6.} Ne7 36. Qa7 {White is clearly winning.} Nc6
37. Qb6 Ne5 (37... Nd8 $142 38. b4 f5) 38. Qxb7 Qd8 39. a6 g4 40. Be4 {[#]
Strongly threatening a7.} Qa5 41. a7 {Precision: White = 59%, Black = 29%.} 1-0

[Event "Yingmei Cup CHN-chT 2017"]
[Site "?"]
[Date "2017.11.03"]
[Round "17"]
[White "Xu, Xiangyu"]
[Black "Bai, Jinshi"]
[Result "1/2-1/2"]
[WhiteElo "2549"]
[BlackElo "2553"]
[Annotator "TA"]
[PlyCount "75"]
[EventDate "2017.??.??"]
[SourceTitle "Tianjin"]

1. e4 c5 2. Nf3 e6 3. d4 cxd4 4. Nxd4 Nc6 5. Nc3 Qc7 6. Be3 a6 7. Be2 Nf6 8.
O-O Be7 9. f4 d6 10. Qe1 O-O 11. Qg3 Nxd4 12. Bxd4 b5 13. a3 Bb7 14. Kh1 Bc6
15. Rae1 Rac8 {B85: Sicilian Scheveningen: 6 Be2 a6, lines with early Be3} 16.
e5 dxe5 17. Bxe5 Qb7 18. f5 exf5 $1 19. Rxf5 {[#] Threatens to win with Bxf6.}
Ne8 $1 20. Bd3 {[#]} f6 $146 ({Predecessor:} 20... g6 21. Rf2 Ng7 22. Rfe2 Nh5
23. Qf2 Bc5 24. Qh4 Rce8 25. Be4 {1/2-1/2 (25) Strautins,U (2503)-Costa,C 
(2616) ICCF email 2000}) 21. Bd4 Rf7 22. Ne4 Qd7 23. Qf2 {Ng5! is the strong
threat.} Bxe4 24. Bxe4 {[#] Black must now prevent Rd5.} Nd6 25. Bd3 Nxf5 26.
Bxf5 Qc6 27. Qe3 {And now Qh3 would win.} (27. Qh4 $5 g5 28. Qg4 $14) 27... Rc7
28. Be6 Bf8 29. Bxf7+ Rxf7 30. Qb3 Qc4 31. Qxc4 bxc4 $11 {Endgame KRB-KRB} 32.
Kg1 Re7 33. Kf2 Kf7 34. Rxe7+ Bxe7 35. Kf3 Ke6 36. g4 Kd5 37. c3 Bd6 38. h3 {
Precision: White = 60%, Black = 76%.} 1/2-1/2

[Event "Yingmei Cup CHN-chT 2017"]
[Site "?"]
[Date "2017.11.03"]
[Round "17"]
[White "Harika, Dronavalli"]
[Black "Ren, Xiaoyi"]
[Result "1/2-1/2"]
[WhiteElo "2528"]
[BlackElo "2254"]
[Annotator "TA"]
[PlyCount "183"]
[EventDate "2017.??.??"]
[SourceTitle "Tianjin"]

1. c4 Nf6 2. Nf3 c6 3. Nc3 d5 4. e3 Nbd7 5. Qc2 e6 6. b3 Bd6 7. Bb2 O-O 8. Be2
a6 9. d4 dxc4 {[%emt 0:00:05] D4: Semi-Slav: 5 e3} (9... b5 10. O-O Bb7 11.
Rad1 Rc8 12. Rfe1 Re8 13. Bd3 h6 14. Qb1 Bb8 15. Ne2 Qa5 16. Ng3 dxc4 17. bxc4
c5 18. dxc5 Bxf3 19. gxf3 bxc4 20. Bxc4 Rxc5 {0-1 (61) Mamedyarov,S (2747)
-Movsesian,S (2653) Huaian 2016}) 10. Bxc4 (10. bxc4 $14 b6 11. O-O) 10... b5
$11 11. Bd3 Bb7 12. Ng5 $146 ({Predecessor:} 12. O-O c5 13. Ne4 Nxe4 14. Bxe4
Bxe4 15. Qxe4 Qe7 16. Rfd1 f5 17. Qd3 Nf6 18. Rac1 Rfd8 19. h3 Ne4 20. Qe2 {
1/2-1/2 (46) Higatsberger,M (2200)-Nemeth,Z (2345) Budapest 1991}) 12... h6 13.
Nge4 Be7 14. Nxf6+ Nxf6 15. Ne4 (15. O-O {keeps more tension.} Rc8 16. Ne4 Nxe4
17. Bxe4 Bd6 18. Rfd1) 15... c5 (15... Bb4+ {looks sharper.} 16. Ke2 Nxe4 17.
Bxe4 Qe7 18. Rhc1 Rfc8) 16. dxc5 Nxe4 17. Bxe4 Bxe4 18. Qxe4 Bxc5 19. Qe5 Bb4+
20. Ke2 $1 Qg5 $1 $132 {Black is fighting back} 21. Qxg5 hxg5 22. Rac1 Rfd8 {
...Rd2+ is the strong threat.} 23. Rc2 Rd7 24. Rd1 Rxd1 25. Kxd1 {Endgame
KRB-KRB} f6 26. Ke2 g4 27. f3 gxf3+ 28. Kxf3 Rd8 29. a3 Be7 30. Ke2 Kf7 31. Rc7
Ke8 32. h4 Rd7 33. Rc8+ Rd8 34. Rc1 Rd5 35. b4 Kd7 36. g4 Rd6 37. h5 Rd5 38.
Rh1 Rg5 39. Kf3 f5 40. gxf5 exf5 41. Be5 {Black should prevent h6.} Ke6 42. Bf4
Rg4 43. Rc1 Rh4 44. Rc6+ Kd5 45. Rg6 Rxh5 {Hoping for ...Bf6.} 46. Rxg7 Ke6 47.
Rg8 Rh1 48. Ra8 Ra1 49. Rxa6+ Kd5 50. Ra8 Bh4 51. Rh8 Be1 52. Rc8 Rxa3 53. Rc5+
Ke6 54. Re5+ Kf6 55. Rxb5 Rb3 (55... Bc3 $11) 56. Rb6+ $16 Kf7 57. b5 (57. Bd6
$1 $16) 57... Rb2 58. Rb8 Bh4 59. Bg3 Bg5 60. b6 Rb3 61. Bf4 Be7 62. b7 Ke6 63.
Ke2 Kd7 64. Kd2 Bd6 65. Kc2 Bxf4 66. exf4 $11 {KR-KR} Rb5 67. Kc3 Kc7 (67...
Kc6 $11 {remains equal.}) 68. Rc8+ ({White should try} 68. Kc4 $1 $16 Kxb8 69.
Kxb5 Kxb7 70. Kc5) 68... Kxb7 69. Rc4 $1 Kb6 $2 (69... Rd5 $11) 70. Kd4 $1 $18
Ra5 71. Rc1 Kb7 72. Rc2 Kb6 73. Rc3 Rb5 74. Rc4 Ra5 $1 {[#]} 75. Rc8 $1 Kb7 {
[#]} 76. Rc1 $2 ({Only move:} 76. Rc5 $1 $18 Rxc5 77. Kxc5) 76... Kb6 $11 {
The position is equal.} 77. Rc2 Rb5 $1 78. Rc4 Ra5 $1 79. Rc1 Rb5 80. Rc3 Ra5
$1 81. Ke3 Rc5 82. Ra3 (82. Rd3 {is more complex.} Kc6 83. Kf3 Rd5 84. Ra3 Kd6
85. Ra6+) 82... Kc6 83. Kf3 Kd5 84. Kg3 Rc1 85. Re3 Kd6 86. Re5 Rc5 87. Re1 $1
Rc4 88. Re8 Re4 89. Ra8 $1 Ke6 90. Ra6+ Kf7 91. Rb6 Ra4 92. Rc6 {Precision:
White = 63%, Black = 68%.} 1/2-1/2

[Event "Yingmei Cup CHN-chT 2017"]
[Site "?"]
[Date "2017.11.03"]
[Round "17"]
[White "Lei, Tingjie"]
[Black "Ding, Yixin"]
[Result "1/2-1/2"]
[WhiteElo "2528"]
[BlackElo "2421"]
[Annotator "TA"]
[PlyCount "52"]
[EventDate "2017.??.??"]
[SourceTitle "Tianjin"]

1. e4 e6 2. d4 d5 3. Nd2 dxe4 4. Nxe4 Bd7 5. Nf3 Bc6 6. Bd3 Nd7 7. O-O Ngf6 8.
Ng3 Bxf3 9. Qxf3 c6 10. Re1 Be7 11. c3 O-O 12. Bf4 {C10: French with 3 Nc3:
Unusual Black 3rd moves and 3...dxe4} (12. Bc2 Re8 13. h4 Qa5 14. a4 Rad8 15.
b4 Qc7 16. a5 Bd6 17. Bb3 Bxg3 18. fxg3 Nd5 19. Ra2 e5 {0-1 (35)
Nepomniachtchi,I (2720)-Gelfand,B (2741) Moscow 2010}) 12... Re8 13. Rad1 Nf8
14. c4 {White is slightly better.} Ng6 15. Bg5 $146 ({Predecessor:} 15. Bxg6
hxg6 16. h4 Qa5 17. a3 Rad8 18. b4 {1-0 (38) Jove Grau,L (2063)-Rodriguez Font,
R (1963) Barcelona 2016}) 15... Qa5 16. h4 Rad8 $1 17. a3 (17. Ne2 $14 {
stays ahead.}) 17... Rxd4 $17 {And now ...Ne5 would win.} 18. b4 Qxa3 {aiming
for ...Red8.} 19. h5 {[#]} Red8 $1 ({Not} 19... Bxb4 20. hxg6 hxg6 21. Re3 $11)
20. hxg6 Rxd3 21. gxf7+ {[#]} Kxf7 $2 ({Better is} 21... Kf8 $1 $17 22. Rxd3
Qxd3 23. Bxf6 Bxf6) 22. Qe2 $1 $36 {The position is equal. White is more
active.} ({But not} 22. Rxd3 $2 Qxd3 23. Qxd3 Rxd3 $19) 22... Rxd1 23. Qxe6+
Kg6 24. Qf5+ Kf7 25. Qe6+ Kg6 26. Qf5+ Kf7 {Precision: White = 29%, Black =
68%.} 1/2-1/2

[Event "Yingmei Cup CHN-chT 2017"]
[Site "?"]
[Date "2017.11.03"]
[Round "17"]
[White "Tan, Zhongyi"]
[Black "Zhu, Jiner"]
[Result "1/2-1/2"]
[WhiteElo "2523"]
[BlackElo "2363"]
[Annotator "TA"]
[PlyCount "82"]
[EventDate "2017.??.??"]
[SourceTitle "Tianjin"]

1. Nf3 Nf6 2. c4 e6 3. d4 b6 4. a3 Bb7 5. Nc3 d5 6. cxd5 Nxd5 7. e3 Be7 8. Bb5+
c6 9. Bd3 O-O 10. O-O c5 11. e4 Nxc3 12. bxc3 Ba6 {E12: Damenindisch 
(Petrosjan-System und 4. oder 5.Lg5)} (12... Qc7 13. Qe2 Nd7 14. a4 Rfd8 15.
Bd2 Rac8 16. h3 e5 17. Rfc1 Bd6 18. Bc4 Rf8 19. d5 Ra8 20. Be3 Bc8 21. Nd2 Nf6
{1-0 (42) Wang,Y (2726) -Zhou,W (2627) China 2015}) 13. Bxa6 Nxa6 {LiveBook: 3
Partien} 14. Be3 Qc8 {Die Stellung ist ausgeglichen.} 15. Qe2 Rd8 $146 ({
Vorgänger:} 15... Nb8 16. a4 Qc6 17. Bf4 Re8 18. Ne5 Qb7 19. Rfd1 Nc6 20. Nf3
{0-1 (77) Kolasinski,K (2040) -Krokay,U (2003) Krakow 2015}) 16. Rfd1 Qb7 17.
d5 exd5 18. exd5 Bf6 19. Rac1 Nc7 20. c4 Ne8 21. Bf4 Nd6 22. Re1 {[#] zielt
auf Lxd6 ab.} Qd7 23. h3 Re8 24. Qc2 h6 25. Bxd6 Qxd6 26. Qa4 Red8 27. Qa6 Qd7
28. a4 Re8 29. a5 (29. g4 $14) 29... Qa4 $11 30. Qb7 Qxa5 31. d6 {Und weiter
mit d7 wäre nett.} Qa4 $1 32. Rcd1 (32. Rxe8+ $15 Rxe8 33. Qc7) 32... Rxe1+
$19 ({Nicht} 32... Qxc4 33. d7 $16) 33. Rxe1 Rd8 34. Qd5 Qd7 35. Rd1 (35. Ne5 {
war einen Versuch wert.} Qe6 36. Qxe6 fxe6 37. Nc6 Rxd6 38. Nxa7) 35... a5 36.
Ne5 Bxe5 $1 37. Qxe5 Qe6 38. Qg3 Rd7 39. Rd5 {[#]} (39. Qd3 $17 {ist wohl
besser.}) 39... g6 (39... Qe1+ $1 $19 40. Kh2 Qe4) 40. f4 (40. Qf4 $17) 40...
f5 41. Qd3 Qe4 $2 {Precision: Weiß = 45%, Schwarz = 81%.} (41... Qe1+ $19 42.
Qf1 Qxf1+ 43. Kxf1 Kf7) 1/2-1/2

[Event "Yingmei Cup CHN-chT 2017"]
[Site "?"]
[Date "2017.11.03"]
[Round "17"]
[White "Fang, Yuxiang"]
[Black "Wang, Yiye"]
[Result "1/2-1/2"]
[WhiteElo "2503"]
[BlackElo "2439"]
[Annotator "TA"]
[PlyCount "83"]
[EventDate "2017.??.??"]
[SourceTitle "Tianjin"]

1. d4 Nf6 2. Bf4 c5 3. dxc5 Qa5+ (3... Nc6 4. Nc3 e5 5. Bg5 Bxc5 6. e3 Bb4 7.
Nge2 d5 8. a3 Bxc3+ 9. Nxc3 Be6 10. Bb5 d4 11. Bxf6 Qxf6 {1/2-1/2 (42) Aronian,
L (2799)-Kasparov,G (2812) Saint Louis 2017}) 4. Qd2 Qxc5 5. Nc3 d5 {[#]} 6. e3
{A45: Trompowsky Attack} (6. O-O-O $1 $16) 6... Bd7 $146 ({Predecessor:} 6...
e6 7. Nf3 Bd6 8. Bxd6 Qxd6 9. e4 Nc6 10. O-O-O O-O 11. exd5 Nxd5 12. Nxd5 Qxd5
13. Qxd5 exd5 14. Rxd5 {1-0 (37) Le T Phuong,L-Tran T Xuan,U Dong Nai 1995}) 7.
O-O-O e6 8. Nf3 Be7 9. Ne5 Nc6 10. Nxd7 Nxd7 11. Na4 Qa5 12. Qxa5 Nxa5 13. Nc3
Nf6 14. Bd3 Nc6 15. Nb5 {[#] And now Nc7+ would win.} O-O 16. c4 ({White
should try} 16. c3 $11) 16... Nb4 17. cxd5 Nfxd5 18. Kb1 a6 19. Nd4 Nxf4 20.
exf4 Nxd3 21. Rxd3 Rfd8 22. Rhd1 Kf8 23. Nb3 Ke8 24. Na5 Rxd3 25. Rxd3 $15 {
Endgame KRB-KRN} b6 26. Nc4 Bc5 (26... b5 {looks sharper.} 27. Nd6+ Kf8 28. Kc2
Rd8 29. Ne4 Ke8) 27. Nd6+ {The position is equal.} Bxd6 28. Rxd6 $11 {KR-KR}
Rb8 29. Kc2 Ke7 30. Rc6 Kd7 31. Rc3 Rc8 32. Rxc8 Kxc8 {KP-KP} 33. Kd3 Kd7 34.
Kd4 Kd6 35. g4 f6 36. h4 h6 37. g5 h5 38. a4 Kc6 39. Kc4 Kd6 40. Kd4 Kc6 41.
Kc4 Kd6 42. Kd4 {Precision: White = 63%, Black = 70%.} 1/2-1/2

[Event "Yingmei Cup CHN-chT 2017"]
[Site "?"]
[Date "2017.11.03"]
[Round "17"]
[White "Wan, Yunguo"]
[Black "Yu, Ruiyuan"]
[Result "1/2-1/2"]
[WhiteElo "2491"]
[BlackElo "2502"]
[Annotator "TA"]
[PlyCount "110"]
[EventDate "2017.??.??"]
[SourceTitle "Tianjin"]

1. e4 c6 2. d4 d5 3. e5 Bf5 4. Nd2 e6 5. Nb3 Nd7 6. Nf3 c5 {B12: Caro-Kann:
Advance Variation} 7. Nxc5 Bxc5 8. dxc5 Nxc5 {LiveBook: 11 Games} 9. Be3 (9.
Bb5+ Nd7 10. Nd4 Ne7 11. Bg5 O-O 12. Qe2 Bg6 13. h4 h6 14. h5 {1/2-1/2 (66)
Wei,Y (2753)-Rapport,R (2675) Tbilisi 2017}) 9... Nd7 10. Nd4 Ne7 11. f4 O-O
$146 ({Predecessor:} 11... Be4 12. Bd3 Qa5+ 13. Qd2 Qxd2+ 14. Bxd2 {1/2-1/2 
(45) Andersson,M (2364)-Voronin,A (2355) ICCF email 2013}) 12. Be2 Be4 13. O-O
Nf5 14. Nxf5 Bxf5 15. c3 Rc8 16. Qd2 a6 17. Rad1 Qc7 18. Bd4 f6 19. exf6 Nxf6
20. Qe3 Ng4 21. Qg3 Nh6 22. Qg5 Be4 23. g4 Qf7 24. Bd3 Bxd3 $1 25. Rxd3 {
Black must now prevent f5!} Qg6 26. Qxg6 hxg6 27. h3 Kf7 28. Re3 Rc6 29. Re5
Rh8 30. Kg2 $36 {Black is under pressure.} Ng8 31. f5 gxf5 $1 32. gxf5 Nf6 33.
Rf2 exf5 34. Rexf5 Rd8 35. Rg5 Re6 36. Kh2 Rd7 37. h4 Kf8 (37... Ke8 $14) 38.
Kh3 Rf7 39. Rfg2 (39. Rg6 $16) 39... Re1 $14 40. Kh2 Re4 41. Bf2 ({White
should try} 41. h5 $14) 41... Kg8 42. Kh3 Rd7 43. Bd4 {[#] Strongly
threatening Bxf6.} Ne8 44. h5 Kh7 $1 45. Rf2 (45. Rg6 $14) 45... Nc7 $11 {
The position is equal.} 46. Re5 Ne6 47. Rd2 Rf7 48. Kg3 Nxd4 49. cxd4 {Endgame
KRR-KRR} Rff4 50. Rxd5 Rg4+ 51. Kf2 Rgf4+ 52. Kg2 Rg4+ 53. Kf1 Rgf4+ 54. Kg2
Rg4+ 55. Kf1 Rgf4+ {Precision: White = 68%, Black = 54%.} 1/2-1/2

[Event "Yingmei Cup CHN-chT 2017"]
[Site "?"]
[Date "2017.11.03"]
[Round "17"]
[White "Zhao, Xue"]
[Black "Sun, Fanghui"]
[Result "1-0"]
[WhiteElo "2484"]
[BlackElo "2126"]
[Annotator "TA"]
[PlyCount "83"]
[EventDate "2017.??.??"]
[SourceTitle "Tianjin"]

1. c4 e5 2. Nc3 Nf6 3. Nf3 Nc6 4. a3 d5 5. cxd5 Nxd5 6. Qc2 Be7 7. e3 a6 {
A28: English Opening: Four Knights Variation} 8. Nxd5 Qxd5 9. Bc4 Qd6 {The
position is equal.} 10. b4 Be6 11. Bb2 Bxc4 12. Qxc4 O-O 13. O-O Bf6 14. Rfd1
Rad8 {[#]} 15. Rac1 $146 ({Predecessor:} 15. e4) 15... Rfe8 16. d3 Qe6 (16...
Re6 {feels hotter.} 17. Bc3 Ne7 18. Qb3 Qd7 19. Qb2 Nc6) 17. Nd2 Qxc4 18. Nxc4
Rd5 19. Kf1 Bd8 20. Bc3 f6 21. Ke2 Nd4+ (21... Be7 $11) 22. Kf1 ({White should
play} 22. Bxd4 $1 $14 exd4 23. e4) 22... Nb5 23. Ba1 c6 24. a4 Na7 $1 25. e4
Rd7 26. d4 b5 27. axb5 cxb5 28. Ne3 $36 {White has some pressure.} Bb6 29. dxe5
Rxd1+ 30. Nxd1 fxe5 31. Ke2 Re6 32. Ne3 Nc6 33. Nd5 {Hoping for Rxc6.} Nd4+ $2
{[#]} (33... Bd8 $1 $14) 34. Kd3 $1 $18 Nb3 {[#]} 35. Rc8+ $1 Kf7 {[#]} 36.
Bxe5 $1 Rxe5 37. Nxb6 {KRN-KRN} a5 38. bxa5 Nxa5 39. Rc7+ Kg6 (39... Re7 $142
40. Rc5 Nc4) 40. Nd5 Nc4 41. Rc5 Kh6 (41... Re8 {was necessary.} 42. Rxb5 Ne5+
43. Kc3 Nd7) 42. Rxb5 {Precision: White = 83%, Black = 36%.} 1-0

[Event "Yingmei Cup CHN-chT 2017"]
[Site "?"]
[Date "2017.11.03"]
[Round "17"]
[White "Ma, Zhonghan"]
[Black "Fang, Yan"]
[Result "1/2-1/2"]
[WhiteElo "2473"]
[BlackElo "2422"]
[Annotator "TA"]
[PlyCount "89"]
[EventDate "2017.??.??"]
[SourceTitle "Tianjin"]

1. d4 Nf6 2. Nf3 e6 3. g3 d5 4. Bg2 c5 5. O-O cxd4 6. Nxd4 Be7 7. c4 O-O 8.
cxd5 Nxd5 9. e4 Nb6 10. Nc3 {LiveBook: 7 Games} Bf6 {[%emt 0:00:03] D02:1 d4
d5 2 Nf sidelines, including 2...Nf6 3 g3 and 2...Nf6 3 Bf4} (10... Bd7 11. Bf4
Nc6 12. Nf3 Bc5 13. a3 a5 14. Rc1 Ne7 15. Na2 Na4 16. b3 Bxa3 17. bxa4 Bxc1 18.
Bxc1 {1-0 (57) Galliamova,A (2498)-Munguntuul,B (2465) Nalchik 2011}) 11. Ndb5
Nc6 12. Bf4 e5 13. Be3 Nd4 $146 ({Predecessor:} 13... Nc4 14. Bc5 Be7 15. Bxe7
Nxe7 16. b3 Nb6 17. Qh5 Nc6 18. Rfd1 {1-0 (29) Pelts,P (2280)-Johnson,B
Chicago 1994}) 14. f4 {fxe5 is the strong threat.} Nc4 15. Bxd4 $1 exd4 16. Nd5
{[#] Hoping for e5.} Ne3 17. Nxe3 dxe3 18. e5 Be7 19. Qe2 Bc5 20. Rac1 Qb6 21.
Kh1 Bd7 22. Nc3 Bc6 23. Bxc6 Qxc6+ 24. Qg2 {[#] aiming for Ne4.} Qe6 25. Qd5
Rac8 26. Qxe6 fxe6 27. Kg2 Bd4 28. Rfd1 {The position is equal.} Bxc3 $1 29.
Rxc3 Rxc3 30. bxc3 $11 {Endgame KR-KR} e2 31. Re1 Rc8 32. Rxe2 Rxc3 33. Rd2 Kf8
34. Rd8+ Ke7 35. Rg8 Kf7 36. Rb8 Rc2+ 37. Kf3 Rxa2 38. Rxb7+ Kf8 39. h3 h5 40.
g4 Ra3+ 41. Ke4 Ra4+ 42. Kf3 Ra3+ 43. Ke4 Ra4+ 44. Kf3 Ra3+ 45. Ke4 {Precision:
White = 53%, Black = 75%.} 1/2-1/2